Methodological techniques for construction and statistical analysis of supply and demand elasticities in agriculture sector models

Metodika konštrukcie elasticít v modeloch trhovej rovnováhy v poľnohospodárstve. Modely ESIM, AGLINK, PEM a MFSS99 a v ČR model AGRO-3 sú založené na konštrukcii ponukových a dopytových funkcií opierajúcich sa o cenové elasticity, vyjadrujúce citlivosť ponukových a dopytových veličín v poľnohospodár...

Description complète

Enregistré dans:
Détails bibliographiques
Auteur principal: Foltýn, Ivan
Autres auteurs: Froněk, Pavel
Format: Chapitre de livre
Langue:anglais
Sujets:
Tags: Ajouter un tag
Pas de tags, Soyez le premier à ajouter un tag!

MARC

LEADER 00000naa a2200000 4500
001 r043916
005 20231004090934.0
041 0 |a eng 
044 |a CZ 
245 1 0 |a Methodological techniques for construction and statistical analysis of supply and demand elasticities in agriculture sector models  |c Ivan Foltýn, Pavel Froněk 
520 |a Metodika konštrukcie elasticít v modeloch trhovej rovnováhy v poľnohospodárstve. Modely ESIM, AGLINK, PEM a MFSS99 a v ČR model AGRO-3 sú založené na konštrukcii ponukových a dopytových funkcií opierajúcich sa o cenové elasticity, vyjadrujúce citlivosť ponukových a dopytových veličín v poľnohospodárstve na zmenu cien poľnohospodárskych komodít, príp. vstupov. Uvedené sú dve metódy konštrukcie elasticít. 
610 2 0 |a pružnosť dopytu 
610 2 0 |a dopyt 
610 2 0 |a ponuka 
610 2 0 |a poľnohospodárstvo 
610 2 0 |a metódy 
610 2 0 |a rovnováha trhová 
610 2 0 |a modely ekonomicko-matematické 
610 2 0 |a analýza štatistická 
610 2 0 |a modely dopytu 
610 2 0 |a modely ponuky 
100 1 |a Foltýn, Ivan 
700 1 |a Froněk, Pavel